000 00568nmm a2200169Ia 4500
008 251105s9999||||xx |||||||||||||||||und||
020 _a9789587381825
041 _aspa
100 _aSaldarriaga, Gregorio
245 0 _aAlimentación e identidades en el Nuevo Reino de Granada, siglos XVI y XVII
264 _a[Bogotá, Colombia] :
_bUniversidad del Rosario,
_c2011
300 _a334 páginas
490 _aTextos de Ciencias Humanas
650 _aHistory of the Americas: Latin America
856 _uhttps://public.digitaliapublishing.com/a/46312
942 _cCF
999 _c95691
_d95691